LEADER 00778nam a2200229 i 4500 001 991004271437407536 005 20230406154202.0 008 230406s1990 it e 001 0 ita 020 $a8820436434 040 $aBibl. Dip.le Aggr. Scienze Umane e Sociali - Sez. Studi Storici 082 04$a850.9006 082 04$a945.206 100 1 $aSpaggiari, William$0157990 245 02$aL'armonico tremore :$bcultura settentrionale dall'Arcadia all'età napoleonica /$cWilliam Spaggiari 260 $aMilano :$bAngeli,$cc1990 300 $a206 p. ;$c22 cm 440 3$aIl Settecento ;$v12 650 4$aArcadia$zItalia settentrionale$ySec.18. 651 4$aItalia settentrionale$xCultura$ySec.18. 912 $a991004271437407536 996 $aArmonico tremore$9568636 997 $aUNISALENTO LEADER 01065nam0-2200373---450 001 990009352250403321 005 20240708085847.0 035 $aFED01000935225 035 $a(Aleph)000935225FED01 035 $a000935225 100 $a20110503d1961----km-y0itay50------ba 101 0 $ager 102 $aDE 105 $aa---j---001yy 200 1 $a<>Altersbestimmung bei Haustieren, Pelztieren und beim jagdbaren Wild 210 $aBerlin$cParey$d1961 215 $a223 p.$cill.$d22 cm 610 0 $aZoognostica 610 0 $aAnimali domestici 610 0 $aAnimali da pelliccia 610 0 $aSelvaggina 676 $a636$v22$zita 700 1$aHabermehl,$bKarl Heinz$0510939 801 0$aIT$bUNINA$gRICA$2UNIMARC 901 $aBK 912 $a990009352250403321 952 $a636.081-8$b5941$fDMVBF 952 $a48 B 35$b6860$fDMVAP 952 $aA MIC 2617$b9577/2024$fFAGBC 959 $aDMVBF 959 $aDMVAP 959 $aFAGBC 996 $aAltersbestimmung bei Haustieren, Pelztieren und beim jagdbaren Wild$9767955 997 $aUNINA